| 000 | 04112nam0a2200481 4500 | ||
|---|---|---|---|
| 001 | RU\NLR\BIBL_A\011272806 | ||
| 005 | 20250626034709.0 | ||
| 020 |
_aRU _9От Февраля к Октябрю: коллекция листовок/Рос. нац. б-ка |
||
| 035 | _a(NLR Aleph) 011272806 | ||
| 090 |
_a10827194 _c10827194 |
||
| 100 | _a20161116d1917 |||y0rusy50 ca | ||
| 101 | 0 | _arus | |
| 102 | _aRU | ||
| 105 | _ay z 000yy | ||
| 135 | _acrcn 024apada | ||
| 200 | 1 |
_aК гражданам гор. Белева и уезда! Свободе и Республике грозит гибель! Шайкой безответственных лиц в Петрограде Временное правительство объявлено низложенным... Граждане! Совет рабоч. солд. и крестьянских депутатов призывает вас к спокойной и плодотворной работе... _e[листовка] |
|
| 210 |
_aБелев [Тульская губ.] _cТипография Е.П. Улановой _d[1917, октябрь, после 25] |
||
| 215 |
_a[1] л. _d35х22 |
||
| 300 | _aПодпись: Комитет спасения Родины и революции | ||
| 300 | _aКоллекция листовок "От Февраля к Октябрю" (1 экз.) | ||
| 316 |
_aПод текстом наклейка напеч. на пиш. маш.: Белевский уездный комиссар препровождает согласно постановления Временного правительства о печати от 2 мая пункт 2. Слова "о печати" вписано чернилами _5NLR |
||
| 325 | 1 | _aКопия доступна в Электронной библиотеке РНБ | |
| 327 | 1 | _aО предотвращении мятежей | |
| 517 | 1 | _aСвободе и Республике грозит гибель! Шайкой безответственных лиц в Петрограде Временное правительство объявлено низложенным... Граждане! Совет рабоч. солд. и крестьянских депутатов призывает вас к спокойной и плодотворной работе... | |
| 517 | 1 | _aШайкой безответственных лиц в Петрограде Временное правительство объявлено низложенным... Граждане! Совет рабоч. солд. и крестьянских депутатов призывает вас к спокойной и плодотворной работе... | |
| 517 | 1 | _aГраждане! Совет рабоч. солд. и крестьянских депутатов призывает вас к спокойной и плодотворной работе... | |
| 517 | 1 | _aСовет рабоч. солд. и крестьянских депутатов призывает вас к спокойной и плодотворной работе... | |
| 540 | 1 | _aО предотвращении мятежей | |
| 540 | 1 |
_aОт Февраля к Октябрю _eлистовки |
|
| 607 |
_aРоссия _jЛистовки _xИстория _z1917 _92250871 _3RU\NLR\AUTH\661350120 |
||
| 686 | 0 | _aТ3(2)524.2,011 | |
| 686 | 0 | _aТ3(2Р-4Тул)711.1,011 | |
| 711 | 0 | 2 |
_aБелевский совет рабочих, солдатских и крестьянских депутатов _9537278 _3RU\NLR\AUTH\880436494 |
| 712 | 0 | 2 |
_4570 _aКомитет спасения Родины и революции _cБелев _9537281 _3RU\NLR\AUTH\880436496 |
| 712 | 0 | 2 |
_4570 _aБелевский уездный комиссар _9537284 _3RU\NLR\AUTH\880436498 |
| 852 | 0 | 0 |
_aNLR _bФл _jXII/104 |
| 942 | _cBOOK | ||
| 980 | _aNB | ||
| 981 | 4 | 2 |
_a(42) 1917: от Февраля к Октябрю _b(42) Листовки 1917 года |